| 000 | 00859nam a22002657a 4500 | ||
|---|---|---|---|
| 008 | 130507b xxu||||| |||| 00| 0 eng d | ||
| 020 | _a81-203-2145-6 | ||
| 024 | _cAvailable | ||
| 037 | _cAvailable | ||
| 040 |
_aMBSTU LIBRARY _dMBSTU LIBRARY |
||
| 082 |
_222 _a006.7 RAM |
||
| 100 | _aRao, K.R. | ||
| 110 | _aZoran S. Bajkovic and Dragorad A. Milovanovic. | ||
| 245 | _aMultimedia communication systems: techniques , standards and networis. | ||
| 260 |
_aNew Delhi _bPrentice Hall of India Private Ltd. _c2005 |
||
| 300 |
_a24 cm. _b545 page _f10 _g24 cm. |
||
| 600 | _aMultimedia systems. | ||
| 650 | _2Multimedia systems. | ||
| 700 | _aRao, K.R. | ||
| 710 | _aZoran S. Bajkovic and Dragorad A. Milovanovic. | ||
| 270 |
_aNew Delhi _bNew Delhi _dIndia |
||
| 365 |
_b425.00 _d425.00 |
||
| 942 |
_2ddc _cBK |
||
| 999 |
_c328 _d328 |
||